[Event "Juba olympiad qual"]
[Site "Juba"]
[Date "2022.05.16"]
[Round "9"]
[White "Deng, Garang Wek"]
[Black "Gong, Thon Gong"]
[Result "0-1"]
[WhiteElo "1986"]
[BlackElo "2159"]
[PlyCount "48"]
[EventDate "2022.05.10"]
[EventType "tourn"]
[EventRounds "11"]
[EventCountry "SUD"]
[SourceTitle "CBM 208 Extra"]
[Source "ChessBase"]
[SourceDate "2022.07.31"]
[SourceVersion "1"]
[SourceVersionDate "2022.07.31"]
[SourceQuality "1"]

1. e4 c5 2. Nf3 a6 3. d4 cxd4 4. Nxd4 Nf6 5. Nc3 e5 6. Nb3 Bb4 7. Bg5 h6 8. Bxf6 Bxc3+ 9. bxc3 Qxf6 10. Qd3 0-0 11. Be2 d6 12. Rd1 Rd8 13. 0-0 Nc6 14. a3 Be6 15. c4 Rac8 16. Qe3 Qe7 17. Qb6 Qc7 18. Qxc7 Rxc7 19. Rb1 a5 20. c3 Kf8 21. f3 Ke7 22. Rfd1 f5 23. Nd2 a4 24. Rb5 Ra8 0-1

[Event "Juba olympiad qual"]
[Site "Juba"]
[Date "2022.05.13"]
[Round "4"]
[White "Deng, Garang Wek"]
[Black "Mabior, Anyuat Mabior"]
[Result "1-0"]
[WhiteElo "1986"]
[BlackElo "2019"]
[PlyCount "107"]
[EventDate "2022.05.10"]
[EventType "tourn"]
[EventRounds "11"]
[EventCountry "SUD"]
[SourceTitle "CBM 208 Extra"]
[Source "ChessBase"]
[SourceDate "2022.07.31"]
[SourceVersion "1"]
[SourceVersionDate "2022.07.31"]
[SourceQuality "1"]

1. c4 e5 2. Nc3 Nf6 3. Nf3 d6 4. d4 exd4 5. Nxd4 Be7 6. e4 0-0 7. Bd3 Nbd7 8. Nf5 Nc5 9. Nxe7+ Qxe7 10. 0-0 Nxd3 11. Qxd3 Ng4 12. f4 f5 13. h3 fxe4 14. Qd5+ Be6 15. Qxe4 Nf6 16. Qd3 Qf7 17. b3 Nd7 18. Bb2 Nc5 19. Qd4 Qg6 20. Rf3 Rf7 21. Re1 a5 22. Kh2 Qf6 23. Qd2 Qh4 24. Ref1 Raf8 25. Qd4 Bf5 26. Nd5 Re8 27. Rg3 Ne6 28. Qc3 c6 29. Ne3 Qh5 30. Qxa5 c5 31. Qd2 Nd4 32. Bxd4 cxd4 33. Qxd4 Be4 34. Ng4 Re6 35. Re1 Qf5 36. Rxe4 Qxe4 37. Nh6+ Kf8 38. Qxe4 Rxe4 39. Nxf7 Kxf7 40. Rd3 Ke7 41. Rd5 Rxf4 42. Rb5 Rf2 43. Rxb7+ Kf6 44. a4 h5 45. a5 Ra2 46. b4 g5 47. Rb6 Ke5 48. a6 Ra4 49. Rb5+ Kf4 50. Ra5 Rxb4 51. a7 g4 52. hxg4 hxg4 53. a8Q g3+ 54. Kh3 1-0